000 00551nam a2200217Ia 4500
003 OSt
005 20240812145713.0
008 210210b1990 xxu||||| |||| 00| 0 eng d
040 _cAL
041 _aEnglish
082 _a809.88914 SAHK
100 _aSAHITYA AKADEMI.
_9176623
245 _aKumaradasa: Makers of Indian literature
260 _aN D
_bSahitya Akademi
_c1990
300 _a72
650 _aKumaradasa
_9176624
690 _aIndian Literature
_9176625
700 _aC R Swaminathan
_9176626
906 _a053773
942 _2ddc
_cBK
999 _c101800
_d101800